{"text_format":"3","workbook":"xls","n_sheets":3,"sheets":["Itemized Bid Schedule","Engineer's Estimate","Engineers Estimate OLD"],"not_rendered":{"external_links":1,"defined_names":6},"read":"whole","date_system":"1900","formulas":"cached_only"}

{"sheet":"Itemized Bid Schedule","index":0,"n_rows":142,"n_cols":7,"rows_kept":142,"merged":[[1,1,1,6],[2,1,2,6],[3,1,3,6],[4,1,4,6],[84,2,84,4],[108,2,108,4],[131,2,131,4],[132,2,132,4],[133,2,133,4],[134,2,134,4],[135,1,135,4],[136,1,136,6],[137,1,137,6],[138,1,138,6],[139,1,139,6],[140,1,140,6],[141,1,141,6]],"flags":["formulas_cached_only"]}
[]
[null,"ITEMIZED BID SCHEDULE     *ADDENDUM No. 3"]
[null,"PROJECT NAME: 58TH AVENUE (FROM NORTH OF 57TH STREET TO 85TH STREET)  FULL DEPTH RECLAMATION"]
[null,"PROJECT NO: IRC-1325          BID NO. 2020021                FM NO: 436416-1-54-01"]
[null,"BIDDER'S NAME:________________________________________________________"]
[]
[null,"Item No.","Description","Unit","Unit Price","Quantity","Amount"]
[null,"101-1","MOBILIZATION","LS",null,1,0]
[null,"102-1","MAINTENANCE OF TRAFFIC","LS",null,1,0]
[null,"104-1","PREVENTION, CONTROL AND ABATEMENT OF EROSION AND WATER POLLUTION","LS",null,1,0]
[null,"110-1-1","CLEARING & GRUBBING","LS",null,1,0]
[null,"110-7-1","MAILBOX RELOCATION","EA",null,37,0]
[null,"120-1","REGULAR EXCAVATION","CY",null,{"v":6700,"d":"6,700"},0]
[null,"120-1A","EXCAVATION OF EXISTING ASPHALT AND BASE","SF",null,{"v":5000,"d":"5,000"},0]
[null,"120-2","BORROW EXCAVATION (RECLAIMED FDR)","CY",null,{"v":6000,"d":"6,000"},0]
[null,"120-6","EMBANKMENT","CY",null,{"v":4150,"d":"4,150"},0]
[null,"121-70","FLOWABLE FILL (NON-EXCAVATABLE)","CY",null,200,0]
["*","160-4","TYPE B STABILIZATION, 3' SHOULDER & WIDENING (LBR 40), 12\"","SY",null,{"v":25000,"d":"25,000"},0]
["*","283-71","RECLAIMED ASPHALT BASE COURSE (FULL DEPTH RECLAMATION), 12\"","SY",null,{"v":72000,"d":"72,000"},0]
["*","285-709","OPTIONAL BASE, GROUP 9, (LBR 100) LIMEROCK","CY",null,{"v":1400,"d":"1,400"},0]
["*","300-1","ASPHALT EMULSION TYPE CSS-1h - PAYMENT WILL BE BASED ON ACTUAL QUANTITY","GAL",null,{"v":260000,"d":"260,000"},0]
["*","300-2","CEMENT TYPE 1 OR TYPE 2 - PAYMENT WILL BE BASED ON ACTUAL QUANTITY","TN",null,{"v":1400,"d":"1,400"},0]
[null,"327-70-6","MILL EXISTING ASPHALT (1.5\" AVERAGE DEPTH)","SY",null,{"v":3000,"d":"3,000"},0]
[null,"334-1-13A","TYPE SP - 12.5 ASPHALTIC CONCRETE (2\" THICK)","SY",null,{"v":86000,"d":"86,000"},0]
[null,"334-1-13B","TYPE SP - 12.5, ASPHALTIC CONCRETE OVERBUILD (VARIABLE THICKNESS)","TN",null,900,0]
[null,"334-1-13C","TYPE SP - 12.5, ASPHALTIC CONCRETE DRIVEWAY, (1-1/2\") REMOVE AND REPLACE","SY",null,400,0]
[null,"337-7-82","TYPE F.C. - 9.5 ASPHALTIC CONCRETE (1\" THICK)","SY",null,{"v":89000,"d":"89,000"},0]
[null,"400-4-2A","CONCRETE HEADWALL (INCLUDE STEEL)","EA",null,1,0]
[null,"425-2-14","MANHOLE ALT A, 4’, P-7, <10’","EA",null,3,0]
[null,"425-3-81","JUNCTION BOX, DRAINAGE, SPECIAL,<10', 6'X10'","EA",null,1,0]
["*","425-3-81A","JUNCTION STRUCTURE, TYPE H,<10'","EA",null,1,0]
[null,"425-5","MANHOLE ADJUSTMENT","EA",null,4,0]
[null,"425-5A","VAULT ADJUSTMENT","EA",null,9,0]
[null,"425-6","VALVE BOX ADJUSTMENT","EA",null,79,0]
[null,"425-6A","FIRE HYDRANT ADJUSTMENT","EA",null,4,0]
[null,"425-6B","FIRE HYDRANT RELOCATION","EA",null,6,0]
["*","425-15-21","DITCH BOTTOM INLET, TYPE C,<10'","EA",null,3,0]
[null,"430 -175 -112","PIPE CULVERT, RCP, ROUND,12\",S/CD","LF",null,55,0]
[null,"430 -175 -112A","PIPE CULVERT, CMP,ROUND,12\",S/CD","LF",null,20,0]
[null,"430 -175 -115A","PIPE CULVERT, CMP,ROUND,15\",S/CD","LF",null,185,0]
[null,"430-175-118","PIPE CULVERT, RCP, ELLIPTICAL, 23\"X14\",S/CD","LF",null,84,0]
[null,"430 -175 -124","PIPE CULVERT, RCP,ROUND,24\",S/CD","LF",null,327,0]
[null,"430 -175 -124A","PIPE CULVERT, CMP,ROUND,24\",S/CD","LF",null,10,0]
[null,"430-175-148","PIPE CULVERT, RCP, ROUND, 48” S/CD","LF",null,155,0]
[null,"430-175-152","PIPE CULVERT, RCP, ROUND, 52” S/CD (FIELD VERIFY)","LF",null,10,0]
[null,"430-175-276","PIPE CULVERT, RCP, ELLIPTICAL, 76\" x 48\" S/CD (FIELD VERIFY)","LF",null,10,0]
[null,"430-982-121","MITERED END SECTION,RCP,ROUND,12\"","EA",null,2,0]
[null,"430-982-123","MITERED END SECTION,CMP,ROUND,15\"","EA",null,6,0]
[null,"430-982-129","MITERED END SECTION,CMP,ROUND,24\"","EA",null,1,0]
[null,"430-982-129A","MITERED END SECTION,RCP,ROUND,24\"","EA",null,4,0]
["*","430-982-625","MITERED END SECTION, RCP,ELLIPTICAL, 23\"X14\"","EA",null,4,0]
[null,"520-1-10","CONCRETE CURB & GUTTER, TYPE F","LF",null,350,0]
[null,"0520-2-1","CONCRETE CURB, TYPE A","LF",null,40,0]
[null,"522-1","CONCRETE, 6\" THICK, FIBER REINFORCED SIDEWALK, REMOVE & REPLACE","SY",null,70,0]
[null,"522-1A","HC RAMP, 6” THICK, REMOVE AND REPLACE","SF",null,240,0]
[null,"522-2","DRIVEWAY CONCRETE, 6” THICK, REMOVE AND REPLACE","SF",null,{"v":1550,"d":"1,550"},0]
[null,"522-4","BUS SHELTER PAD - CONCRETE, 8\",  REINFORCED","SF",null,320,0]
[null,"527-2","DETECTABLE WARNING STRIPS","SF",null,265,0]
["*","530-3-3A","RIP RAP, RUBBLE, BANK AND SHORE","CY",null,60,0]
[null,"536-1-1A","GUARDRAIL, LONG STEEL POSTS WITH A.C. PAVEMENT","LF",null,{"v":1690,"d":"1,690"},0]
[null,"536-85-24","GUARDRAIL END ANCHORAGE ASSEMBLY  PARALLEL WITH A.C. PAVEMENT","EA",null,6,0]
[null,"550-10-231","FENCE, TYPE B WITH BARBED WIRE","LF",null,75,0]
[null,"570-1-2","PERFORMANCE TURF – SOD (BAHIA OR MATCH EXIST)","SY",null,{"v":44500,"d":"44,500"},0]
[null,"630-2-11A","CONDUIT (INCLUDES 2-2\" DIA.HDPE), F&I, OPEN TRENCH","LF",null,{"v":15000,"d":"15,000"},0]
[null,"630-2-12A","CONDUIT (INCLUDES 2-2\" DIA.HDPE), F&I, DIRECTIONAL DRILL","LF",null,{"v":2200,"d":"2,200"},0]
[null,"635-2-12A","PULL BOX, F&I, WITH 6\" FIBER CONCRETE COLLAR","EA",null,27,0]
[null,"700-1-11","SINGLE POST SIGN, F&I GROUND MOUNT, UP TO 12 SF","AS",null,10,0]
[null,"700-1-50","SINGLE POST SIGN, RELOCATE","AS",null,28,0]
[null,"700-1-60","SINGLE POST SIGN, REMOVE","AS",null,8,0]
["*","700-3-601","SIGN PANEL, REMOVE, UP TO 12 SF","EA",null,8,0]
["*","706-3","RETRO-REFLECTIVE PAVEMENT MARKERS (BLUE/BLUE)","EA",null,22,0]
["*","706-3","RETRO-REFLECTIVE PAVEMENT MARKERS (YY)","EA",null,{"v":1337,"d":"1,337"},0]
["*","706-3","RETRO-REFLECTIVE PAVEMENT MARKERS (WR)","EA",null,230,0]
["*","711-11-123","THERMOPLASTIC, STANDARD, WHITE, SOLID, 12\" FOR CROSSWALK  AND ROUNDABOUT","LF",null,243,0]
["*","711-11-125","THERMOPLASTIC, STANDARD, WHITE, SOLID, 24\" FOR STOP LINE AND CROSSWALK","LF",null,464,0]
["*","711-11-141","THERMOPLASTIC, STANDARD, WHITE, 2'-4' DOTTED GUIDELINE/ 6'-10' GAP EXTENSION, 6\"","GM",null,0.49,0]
["*","711-11-170","THERMOPLASTIC, STANDARD, WHITE, ARROW","EA",null,53,0]
["*","711-11-224","THERMOPLASTIC, STANDARD, YELLOW, SOLID, 18\" FOR DIAGONAL OR CHEVRON","LF",null,938,0]
["*","711-11-241","THERMOPLASTIC, STANDARD, YELLOW, 2'-4' DOTTED GUIDELINE/ 6'-10' GAP EXTENSION, 6\"","GM",null,0.08,0]
["*","711-14-160","THERMOPLASTIC, PREFORMED, WHITE, MESSAGE","EA",null,32,0]
["*","711-14-170","THERMOPLASTIC, PREFORMED, WHITE, ARROW (BIKE THRU)","EA",null,32,0]
["*","711-16-101","THERMOPLASTIC, STANDARD-OTHER SURFACES, WHITE, SOLID, 6\"","GM",null,7.09,0]
["*","711-16-201","THERMOPLASTIC, STANDARD-OTHER SURFACES, YELLOW, SOLID, 6\"","GM",null,8.02,0]
["*","711-16-231","THERMOPLASTIC, STANDARD-OTHER SURFACES, YELLOW, SKIP, 6\"","GM",null,0.42,0]
[null,null,"SUB-TOTAL OF ROADWAY IMPROVEMENTS",{"$nulls":3},0]
[null,null,"SIGNALIZATION"]
[null,"630-2-11","CONDUIT, F&I, OPEN TRENCH","LF",null,28,0]
[null,"630-2-14","CONDUIT, F&I, ABOVEGROUND","LF",null,25,0]
[null,"632-7-1","SIGNAL CABLE - NEW OR RECONSTRUCTED INTERSECTION, FURNISH & INSTALL","PI",null,1,0]
[null,"633-2-31","FIBER OPTIC CONNECTION, INSTALL, SPLICE","EA",null,12,0]
[null,"633-3-11","FIBER OPTIC CONNECTION HARDWARE, F&I, SPLICE ENCLOSURE","EA",null,1,0]
[null,"633-3-15","FIBER OPTIC CONNECTION HARDWARE, F&I, PRETERMINATED PATCH PANEL","EA",null,1,0]
[null,"634-4-153","SPAN WIRE ASSEMBLY, F&I, TWO POINT, BOX","PI",null,1,0]
[null,"635-2-11","PULL & SPLICE BOX, F&I, 13\"X24\" COVER SIZE","EA",null,4,0]
[null,"635-2-12","PULL & SPLICE BOX, F&I, 24\" X 36\" COVER SIZE","EA",null,1,0]
[null,"639-1-122","ELECTRICAL POWER SERVICE, F&I, UG, METER PURCHASED BY CONTRACTOR","AS",null,1,0]
[null,"639-2-1","ELECTRICAL SERVICE WIRE, FURNISH & INSTALL","LF",null,100,0]
[null,"641-2-18","PRESTRESSED CONCRETE POLE, F&I, TYPE P-VIII","EA",null,4,0]
[null,"641-2-80","PRESTRESSED CONCRETE POLE, COMPLETE REMOVAL","EA",null,2,0]
[null,"650-1-24","TRAFFIC SIGNAL, FURNISH & INSTALL POLYCARBONATE W/ALUM TOP, 3 SECTION, 1 WAY","AS",null,4,0]
[null,"650-1-29","TRAFFIC SIGNAL, FURNISH & INSTALL POLYCARBONATE W ALUMIN, 5 SECTION CLUSTER, 1 WAY","AS",null,4,0]
[null,"660-4-11","VEHICLE DETECTION SYSTEM- VIDEO, F&I CABINET EQUIPMENT","EA",null,1,0]
[null,"660-4-12","VEHICLE DETECTION SYSTEM- VIDEO, F&I ABOVE GROUND EQUIPMENT","EA",null,4,0]
[null,"670-5-111","TRAFFIC CONTROLLER ASSEMBLY, F&I","AS",null,1,0]
[null,"684-1-1","MANAGED FIELD EITHERNET SWITCH, FURNISH & INSTALL","EA",null,1,0]
[null,"700-5-22","INTERNALLY ILLUMINATED SIGN, F&I, OVERHEAD MOUNT, 12-18 SF","EA",null,4,0]
[null,"715-5-31","LUMINAIRE & BRACKET ARM, F&I, ALUMINUM","EA",null,4,0]
[null,"999-1","RECORD DRAWINGS/AS-BUILTS","LS",null,1,0]
[null,null,"SUB-TOTAL OF SIGNALIZATION IMPROVEMENTS",{"$nulls":3},0]
[null,null,"WATER MAIN RELOCATION"]
[null,"101-1A","MOBILIZATION","LS",null,1,0]
[null,"102-1A","MAINTENANCE OF TRAFFIC","LS",null,1,0]
[null,"104-1A","EROSION CONTROL","LS",null,1,0]
[null,"110-1-1A","CLEARING AND GRUBBING","LS",null,1,0]
[null,"120-1B","EXCAVATION AND EMBANKMENT","LS",null,1,0]
[null,"285-706","OPTIONAL BASE COURSE 8\" LIMEROCK (LBR=100)","SY",null,640,0]
[null,"334-1-13D","SUPERPAVE ASPHALT CONCRETE, 2\" SP 12.5","SY",null,580,0]
[null,"570-1-2A","SOD AND SITE RESTORATION","SY",null,900,0]
[null,"630-2-11B","4-2\" CONDUITS","LF",null,560,0]
[null,"1050-11-425A","FURNISH AND INSTALL 20\" DIP WATER MAIN","LF",null,40,0]
[null,"1050-42-224A","FURNISH AND INSTALL 24\" HDPE HDD","LF",null,560,0]
[null,"1055-11-4A","FURNISH AND INSTALL FITTINGS AND APPURTENANCES","TN",null,5,0]
[null,"1080-11-404A","FURNISH, INSTALL AND REMOVE 12\" BYPASS ASSEMBLY","LS",null,1,0]
[null,"1080-11-506A","FURNISH AND INSTALL AIR RELEASE VALVE AND VAULT","EA",null,1,0]
[null,"1080-11-512A","SAMPLE POINTS","EA",null,2,0]
[null,"1080-11-512B","PIGGING AND FLUSHING","LS",null,1,0]
[null,"1080-11-512C","DISINFECTION AND TESTING","LS",null,1,0]
[null,"1080-23-120A","FURNISH AND INSTALL 20\" X 12\" WET TAP ASSEMBLY","EA",null,2,0]
[null,"1080-24-112A","FURNISH AND INSTALL 12\" GATE VALVE","EA",null,2,0]
[null,"1080-24-120A","FURNISH AND INSTALL 20\" GATE VALVE","EA",null,2,0]
[null,"1080-27-120A","FURNISH AND INSTALL 20\" LINE STOP","EA",null,2,0]
[null,null,"SUB-TOTAL OF WATER MAIN RELOCATION",{"$nulls":3},0]
[null,null,"WATER MAIN FORCE ACCOUNT",{"$nulls":3},{"v":67313.77,"d":"$67,313.77"}]
[null,null,"SUB-TOTAL OF ROADWAY AND SIGNALIZATION IMPROVEMENTS",{"$nulls":3},0]
[null,null,"FORCE ACCOUNT",{"$nulls":3},{"v":631786,"d":"$631,786.00"}]
[null," TOTAL PROJECT BID AMOUNT (INCLUDING FORCE ACCOUNTS) ",{"$nulls":4},{"v":699099.77,"d":"$699,099.77"}]
[null,"LS=Lump Sum    EA=Each    CY=Cubic Yard     SY=Square Yard    GAL=Gallon     TN=Ton      LF=Linear Feet"]
[null,"SF=Square Foot    AS=Assembly    GM=Gross Mile    PI=Per Intersection"]
[null,"NOTE:  IF THERE IS A DISCREPANCY BETWEEN THE PLANS (SUMMARY OF PAY ITEMS) AND THE ITEMIZED BID SCHEDULE, THE BID SCHEDULE WILL BE UTILIZED FOR BIDDING PURPOSES."]
[null,"TOTAL PROJECT BID AMOUNT IN WORDS___________________________________________________________________________________________________________________________________________________"]
[null,"  ____________________________________________________________________________________________________________________________________________________________________________________"]
[null,"_________________________________________________________________________________________________________________________________________________________________________________"]

{"sheet":"Engineer's Estimate","index":1,"n_rows":147,"n_cols":8,"rows_kept":147,"merged":[[1,1,1,6],[3,1,3,6],[4,1,4,6],[5,1,5,6],[85,2,85,5],[109,2,109,5],[133,2,133,5],[134,2,134,5],[135,2,135,5],[136,2,136,5],[137,5,138,5],[139,1,139,6],[140,1,140,6],[141,1,141,6],[142,1,142,6],[144,1,144,6],[145,1,145,6],[146,1,146,6]],"flags":["formulas_cached_only"]}
[]
[null,"ENGINEER'S ESTIMATE"]
[]
[null,"PROJECT NAME: 58TH AVENUE (FROM NORTH OF 57TH STREET TO 85TH STREET)  FULL DEPTH RECLAMATION"]
[null,"PROJECT NO: IRC-1325          BID NO. 2020021                FM NO: 436416-1-54-01"]
[]
[]
[null,"Item No.","Description","Unit","Quantity","Unit Price","Amount"]
[null,"101-1","MOBILIZATION","LS",1,{"v":420000,"d":"$420,000.00"},{"v":420000,"d":"$420,000.00"}]
[null,"102-1","MAINTENANCE OF TRAFFIC","LS",1,{"v":300000,"d":"$300,000.00"},{"v":300000,"d":"$300,000.00"}]
[null,"104-1","ARTIFICIAL COVERINGS/ROLLED EROSION CONTROL PRODUCTS      ","LS",1,{"v":180000,"d":"$180,000.00"},{"v":180000,"d":"$180,000.00"}]
[null,"110-1-1","CLEARING & GRUBBING","LS",1,{"v":120000,"d":"$120,000.00"},{"v":120000,"d":"$120,000.00"}]
[null,"110-7-1","MAILBOX RELOCATION","EA",37,{"v":150,"d":"$150.00"},{"v":5550,"d":"$5,550.00"}]
[null,"120-1","REGULAR EXCAVATION","CY",{"v":6700,"d":"6,700"},{"v":10,"d":"$10.00"},{"v":67000,"d":"$67,000.00"}]
[null,"120-1A","EXCAVATION OF EXISTING ASPHALT AND BASE","SF",{"v":5000,"d":"5,000"},{"v":7,"d":"$7.00"},{"v":35000,"d":"$35,000.00"}]
[null,"120-2","BORROW EXCAVATION (RECLAIMED FDR)","CY",{"v":6000,"d":"6,000"},{"v":15,"d":"$15.00"},{"v":90000,"d":"$90,000.00"}]
[null,"120-6","EMBANKMENT","CY",{"v":4150,"d":"4,150"},{"v":8,"d":"$8.00"},{"v":33200,"d":"$33,200.00"}]
[null,"121-70","FLOWABLE FILL (NON-EXCAVATABLE)","CY",200,{"v":130,"d":"$130.00"},{"v":26000,"d":"$26,000.00"}]
[null,"160-4","TYPE B STABILIZATION, 3' SHOULDER & WIDENING (LBR 40), 12\"","SY",{"v":22000,"d":"22,000"},{"v":4,"d":"$4.00"},{"v":88000,"d":"$88,000.00"}]
[null,"285-709","OPTIONAL BASE, GROUP 9 (LBR 100), LIMEROCK","CY",600,{"v":19,"d":"$19.00"},{"v":11400,"d":"$11,400.00"}]
[null,"327-70-6","MILL EXISTING ASPHALT (1.5\" AVERAGE DEPTH)","SY",{"v":3000,"d":"3,000"},{"v":2.7,"d":"$2.70"},{"v":8100.000000000001,"d":"$8,100.00"}]
[null,"332-1","RECLAIMED ASPHALT BASE COURSE (FULL DEPTH RECLAIMATION), 9\"","SY",{"v":72000,"d":"72,000"},{"v":13,"d":"$13.00"},{"v":936000,"d":"$936,000.00"}]
[null,"332-2","ASPHALT EMULSION TYPE CSS-1h - PAYMENT WILL BE BASED ON ACTUAL QUANTITY","GAL",{"v":260000,"d":"260,000"},{"v":2.75,"d":"$2.75"},{"v":715000,"d":"$715,000.00"}]
[null,"332-3","CEMENT TYPE 1 OR TYPE 2 - PAYMENT WILL BE BASED ON ACTUAL QUANTITY","TN",{"v":1400,"d":"1,400"},{"v":180,"d":"$180.00"},{"v":252000,"d":"$252,000.00"}]
[null,"334-1-13","TYPE SP - 12.5 ASPHALTIC CONCRETE (2\" THICK)","SY",{"v":86000,"d":"86,000"},{"v":14,"d":"$14.00"},{"v":1204000,"d":"$1,204,000.00"}]
[null,"334-1-13A","TYPE SP - 12.5, ASPHALTIC CONCRETE OVERBUILD (VARIABLE THICKNESS)","TN",900,{"v":120,"d":"$120.00"},{"v":108000,"d":"$108,000.00"}]
[null,"334-1-13B","TYPE SP - 12.5, ASPHALTIC CONCRETE DRIVEWAY, (1-1/2\") REMOVE AND REPLACE","SY",400,{"v":15,"d":"$15.00"},{"v":6000,"d":"$6,000.00"}]
[null,"337-7-82","TYPE F.C. - 9.5 ASPHALTIC CONCRETE (1\" THICK)","SY",{"v":89000,"d":"89,000"},{"v":7,"d":"$7.00"},{"v":623000,"d":"$623,000.00"}]
[null,"400-4-2A","CONCRETE HEADWALL (INCLUDE STEEL)","EA",1,{"v":14500,"d":"$14,500.00"},{"v":14500,"d":"$14,500.00"}]
[null,"425-2- 14","MANHOLE ALT A, 4’, P-7, <10’","EA",3,{"v":4000,"d":"$4,000.00"},{"v":12000,"d":"$12,000.00"}]
[null,"425-3-81","JUNCTION BOX, DRAINAGE, SPECIAL,<10, 6'X10'","EA",1,{"v":21500,"d":"$21,500.00"},{"v":21500,"d":"$21,500.00"}]
[null,"425-3-81A","JUNCTION STRUCTURE, TYPE E,<10'","EA",2,{"v":10000,"d":"$10,000.00"},{"v":20000,"d":"$20,000.00"}]
[null,"425-5","MANHOLE ADJUSTMENT","EA",4,{"v":1200,"d":"$1,200.00"},{"v":4800,"d":"$4,800.00"}]
[null,"425-5A","VAULT ADJUSTMENT","EA",9,{"v":2000,"d":"$2,000.00"},{"v":18000,"d":"$18,000.00"}]
[null,"425-6","VALVE BOX ADJUSTMENT","EA",79,{"v":600,"d":"$600.00"},{"v":47400,"d":"$47,400.00"}]
[null,"425-6A","FIRE HYDRANT ADJUSTMENT","EA",4,{"v":750,"d":"$750.00"},{"v":3000,"d":"$3,000.00"}]
[null,"425-6B","FIRE HYDRANT RELOCATION","EA",6,{"v":2500,"d":"$2,500.00"},{"v":15000,"d":"$15,000.00"}]
[null,"425-15-21","DITCH BOTTOM INLET, TYPE C,<10'","EA",4,{"v":4800,"d":"$4,800.00"},{"v":19200,"d":"$19,200.00"}]
[null,"430 -175 -112","PIPE CULVERT, RCP, ROUND,12\",S/CD","LF",55,{"v":80,"d":"$80.00"},{"v":4400,"d":"$4,400.00"}]
[null,"430 -175 -112A","PIPE CULVERT, CMP,ROUND,12\",S/CD","LF",20,{"v":60,"d":"$60.00"},{"v":1200,"d":"$1,200.00"}]
[null,"430 -175 -115A","PIPE CULVERT, CMP,ROUND,15\",S/CD","LF",185,{"v":75,"d":"$75.00"},{"v":13875,"d":"$13,875.00"}]
[null,"430-175-118","PIPE CULVERT, RCP, ELLIPTICAL, 23\"X14\",S/CD","LF",84,{"v":105,"d":"$105.00"},{"v":8820,"d":"$8,820.00"}]
[null,"430 -175 -124","PIPE CULVERT, RCP,ROUND, 24\",S/CD","LF",327,{"v":175,"d":"$175.00"},{"v":57225,"d":"$57,225.00"}]
[null,"430 -175 -124A","PIPE CULVERT, CMP,ROUND, 24\",S/CD","LF",10,{"v":90,"d":"$90.00"},{"v":900,"d":"$900.00"}]
[null,"430-175-148","PIPE CULVERT, RCP, ROUND, 48” S/CD","LF",155,{"v":500,"d":"$500.00"},{"v":77500,"d":"$77,500.00"}]
[null,"430-175-152","PIPE CULVERT, RCP, ROUND, 52” S/CD (FIELD VERIFY)","LF",10,{"v":600,"d":"$600.00"},{"v":6000,"d":"$6,000.00"}]
[null,"430-175-276","PIPE CULVERT, RCP, ELLIPTICAL, 76\" x 48\" S/CD (FIELD VERIFY)","LF",10,{"v":800,"d":"$800.00"},{"v":8000,"d":"$8,000.00"}]
[null,"430-982-121","MITERED END SECTION,RCP,ROUND,12\"","EA",2,{"v":900,"d":"$900.00"},{"v":1800,"d":"$1,800.00"}]
[null,"430-982-123","MITERED END SECTION,CMP,ROUND,15\"","EA",6,{"v":1000,"d":"$1,000.00"},{"v":6000,"d":"$6,000.00"}]
[null,"430-982-129","MITERED END SECTION,CMP,ROUND,24\"","EA",1,{"v":1500,"d":"$1,500.00"},{"v":1500,"d":"$1,500.00"}]
[null,"430-982-129A","MITERED END SECTION,RCP,ROUND,24\"","EA",4,{"v":1850,"d":"$1,850.00"},{"v":7400,"d":"$7,400.00"}]
[null,"430-982-625","MITERED END SECTION, RCP,ELLIPTICAL, 23\"X14\"","EA",4,{"v":1800,"d":"$1,800.00"},{"v":7200,"d":"$7,200.00"}]
[null,"520-1-10","CONCRETE CURB & GUTTER, TYPE F","LF",350,{"v":22,"d":"$22.00"},{"v":7700,"d":"$7,700.00"}]
[null,"520-2-1","CONCRETE CURB, TYPE A","LF",40,{"v":16,"d":"$16.00"},{"v":640,"d":"$640.00"}]
[null,"522-1","CONCRETE, 6\" THICK, FIBER REINFORCED SIDEWALK, REMOVE & REPLACE","SY",70,{"v":50,"d":"$50.00"},{"v":3500,"d":"$3,500.00"}]
[null,"522-1A","HC RAMP, 6” THICK, REMOVE AND REPLACE","SF",240,{"v":6,"d":"$6.00"},{"v":1440,"d":"$1,440.00"}]
[null,"522-2","DRIVEWAY CONCRETE, 6” THICK, REMOVE AND REPLACE","SF",{"v":1550,"d":"1,550"},{"v":10,"d":"$10.00"},{"v":15500,"d":"$15,500.00"}]
[null,"522-4","BUS SHELTER PAD - CONCRETE, 8\",  REINFORCED","SF",320,{"v":15,"d":"$15.00"},{"v":4800,"d":"$4,800.00"}]
[null,"527-2","DETECTABLE WARNING STRIPS","SF",265,{"v":35,"d":"$35.00"},{"v":9275,"d":"$9,275.00"}]
[null,"530-3-3A","RIP RAP, RUBBLE, BANK AND SHORE","CY",600,{"v":220,"d":"$220.00"},{"v":132000,"d":"$132,000.00"}]
[null,"536-1-1A","GUARDRAIL, LONG STEEL POSTS WITH A.C. PAVEMENT","LF",{"v":1690,"d":"1,690"},{"v":20,"d":"$20.00"},{"v":33800,"d":"$33,800.00"}]
[null,"536-85-24","GUARDRAIL END ANCHORAGE ASSEMBLY  PARALLEL WITH A.C. PAVEMENT","EA",6,{"v":2600,"d":"$2,600.00"},{"v":15600,"d":"$15,600.00"}]
[null,"550-10-231","FENCE, TYPE B WITH BARBED WIRE","LF",75,{"v":25,"d":"$25.00"},{"v":1875,"d":"$1,875.00"}]
[null,"570-1-2","PERFORMANCE TURF – SOD (BAHIA, OR MATCH EXIST)","SY",{"v":44500,"d":"44,500"},{"v":3,"d":"$3.00"},{"v":133500,"d":"$133,500.00"}]
[null,"630-2-11A","CONDUIT (INCLUDES 2-2\" DIA.HDPE), F&I, OPEN TRENCH","LF",{"v":15000,"d":"15,000"},{"v":15,"d":"$15.00"},{"v":225000,"d":"$225,000.00"}]
[null,"630-2-12","CONDUIT (INCLUDES 2-2\" DIA.HDPE), F&I, DIRECTIONAL DRILL","LF",{"v":2200,"d":"2,200"},{"v":45,"d":"$45.00"},{"v":99000,"d":"$99,000.00"}]
[null,"635-2-12A","PULL BOX, F&I, WITH 6\" FIBER CONCRETE COLLAR","EA",27,{"v":750,"d":"$750.00"},{"v":20250,"d":"$20,250.00"}]
[null,"700-1-11","SINGLE POST SIGN, F&I GROUND MOUNT, UP TO 12 SF","AS",10,{"v":417.12,"d":"$417.12"},{"v":4171.2,"d":"$4,171.20"}]
[null,"700-1-50","SINGLE POST SIGN, RELOCATE","AS",28,{"v":359.11,"d":"$359.11"},{"v":10055.08,"d":"$10,055.08"}]
[null,"700-1-60","SINGLE POST SIGN, REMOVE","AS",8,{"v":27.12,"d":"$27.12"},{"v":216.96,"d":"$216.96"}]
[null,"700-3-601","SIGN PANEL, REMOVE, UP TO 12 SF","EA",8,{"v":75.26,"d":"$75.26"},{"v":602.08,"d":"$602.08"}]
[null,"706-3","RETRO-REFLECTIVE PAVEMENT MARKERS (YELLOW/YELLOW)","EA",{"v":1337,"d":"1,337"},{"v":4.5,"d":"$4.50"},{"v":6016.5,"d":"$6,016.50"}]
[null,"706-3A","RETRO-REFLECTIVE PAVEMENT MARKERS (WHITE/RED)","EA",230,{"v":4.5,"d":"$4.50"},{"v":1035,"d":"$1,035.00"}]
[null,"706-3B","RETRO-REFLECTIVE PAVEMENT MARKERS (BLUE/BLUE)","EA",22,{"v":4.5,"d":"$4.50"},{"v":99,"d":"$99.00"}]
[null,"711-11-123","THERMOPLASTIC, STANDARD, WHITE, SOLID, 12\" FOR CROSSWALK ","LF",243,{"v":2.11,"d":"$2.11"},{"v":512.73,"d":"$512.73"}]
[null,"711-11-125","THERMOPLASTIC, STANDARD, WHITE, SOLID, 24\" FOR STOP LINE AND CROSSWALK","LF",464,{"v":5.29,"d":"$5.29"},{"v":2454.56,"d":"$2,454.56"}]
[null,"711-11-141","THERMOPLASTIC, STANDARD, WHITE, 2-4 DOTTED GUIDELINE/ 6-10 GAP EXTENSION, 6\"","GM",0.49,{"v":3559.87,"d":"$3,559.87"},{"v":1744.3363,"d":"$1,744.34"}]
[null,"711-11-241","THERMOPLASTIC, STANDARD, YELLOW, 2-4 DOTTED GUIDELINE/ 6-10 GAP EXTENSION, 6\"","GM",{"v":53,"d":"53.00"},{"v":3401.93,"d":"$3,401.93"},{"v":180302.28999999998,"d":"$180,302.29"}]
[null,"711-11-170","THERMOPLASTIC, STANDARD, WHITE, ARROW","EA",938,{"v":82.02,"d":"$82.02"},{"v":76934.76,"d":"$76,934.76"}]
[null,"711-11-224","THERMOPLASTIC, STANDARD, YELLOW, SOLID, 18\" FOR DIAGONAL OR CHEVRON","LF",0.08,{"v":2.8,"d":"$2.80"},{"v":0.22399999999999998,"d":"$0.22"}]
[null,"711-14-160","THERMOPLASTIC, PREFORMED, WHITE, MESSAGE","EA",32,{"v":222.68,"d":"$222.68"},{"v":7125.76,"d":"$7,125.76"}]
[null,"711-14-170","THERMOPLASTIC, PREFORMED, WHITE, ARROW (BIKE THRU)","EA",32,{"v":159.25,"d":"$159.25"},{"v":5096,"d":"$5,096.00"}]
[null,"711-16-101","THERMOPLASTIC, STANDARD-OTHER SURFACES, WHITE, SOLID, 6\"","GM",7.09,{"v":5021.08,"d":"$5,021.08"},{"v":35599.4572,"d":"$35,599.46"}]
[null,"711-16-201","THERMOPLASTIC, STANDARD-OTHER SURFACES, YELLOW, SOLID, 6\"","GM",8.02,{"v":5112.91,"d":"$5,112.91"},{"v":41005.538199999995,"d":"$41,005.54"}]
[null,"711-16-231","THERMOPLASTIC, STANDARD-OTHER SURFACES, YELLOW, SKIP, 6\"","GM",0.42,{"v":1471.39,"d":"$1,471.39"},{"v":617.9838,"d":"$617.98"}]
[null,null,"SUB-TOTAL OF ROADWAY IMPROVEMENTS",{"$nulls":3},{"v":6682939.4595,"d":"$6,682,939.46"}]
[null,null,"SIGNALIZATION"]
[null,"630-2-11","CONDUIT, F&I, OPEN TRENCH","LF",28,{"v":5.87,"d":"$5.87"},{"v":164.36,"d":"$164.36"}]
[null,"630-2-14","CONDUIT, F&I, ABOVEGROUND","LF",25,{"v":21.35,"d":"$21.35"},{"v":533.75,"d":"$533.75"}]
[null,"632-7-1","SIGNAL CABLE - NEW OR RECONSTRUCTED INTERSECTION, FURNISH & INSTALL","PI",1,{"v":4800.67,"d":"$4,800.67"},{"v":4800.67,"d":"$4,800.67"}]
[null,"633-2-31","FIBER OPTIC CONNECTION, INSTALL, SPLICE","EA",12,{"v":41.55,"d":"$41.55"},{"v":498.59999999999997,"d":"$498.60"}]
[null,"633-3-11","FIBER OPTIC CONNECTION HARDWARE, F&I, SPLICE ENCLOSURE","EA",1,{"v":723.79,"d":"$723.79"},{"v":723.79,"d":"$723.79"}]
[null,"633-3-15","FIBER OPTIC CONNECTION HARDWARE, F&I, PRETERMINATED PATCH PANEL","EA",1,{"v":1363.66,"d":"$1,363.66"},{"v":1363.66,"d":"$1,363.66"}]
[null,"634-4-153","SPAN WIRE ASSEMBLY, F&I, TWO POINT, BOX","PI",1,{"v":3923.33,"d":"$3,923.33"},{"v":3923.33,"d":"$3,923.33"}]
[null,"635-2-11","PULL & SPLICE BOX, F&I, 13'X24' COVER SIZE","EA",4,{"v":669.03,"d":"$669.03"},{"v":2676.12,"d":"$2,676.12"}]
[null,"635-2-12","PULL & SPLICE BOX, F&I, 24\" X 36\" COVER SIZE","EA",1,{"v":1296.9,"d":"$1,296.90"},{"v":1296.9,"d":"$1,296.90"}]
[null,"639-1-122","ELECTRICAL POWER SERVICE, F&I, UG, METER PURCHASED BY CONTRACTOR","AS",1,{"v":1955.77,"d":"$1,955.77"},{"v":1955.77,"d":"$1,955.77"}]
[null,"639-2-1","ELECTRICAL SERVICE WIRE, FURNISH & INSTALL","LF",100,{"v":5.92,"d":"$5.92"},{"v":592,"d":"$592.00"}]
[null,"641-2-18","PRESTRESSED CONCRETE POLE, F&I, TYPE P-VIII","EA",4,{"v":9971.33,"d":"$9,971.33"},{"v":39885.32,"d":"$39,885.32"}]
[null,"641-2-80","PRESTRESSED CONCRETE POLE, COMPLETE REMOVAL","EA",2,{"v":3851.96,"d":"$3,851.96"},{"v":7703.92,"d":"$7,703.92"}]
[null,"650-1-24","TRAFFIC SIGNAL, FURNISH & INSTALL POLYCARBONATE W/ALUM TOP, 3 SECTION, 1 WAY","AS",4,{"v":901.37,"d":"$901.37"},{"v":3605.48,"d":"$3,605.48"}]
[null,"650-1-29","TRAFFIC SIGNAL, FURNISH & INSTALL POLYCARBONATE W ALUMIN, 5 SECTION CLUSTER, 1 WAY","AS",4,{"v":1644,"d":"$1,644.00"},{"v":6576,"d":"$6,576.00"}]
[null,"660-4-11","VEHICLE DETECTION SYSTEM- VIDEO, F&I CABINET EQUIPMENT","EA",1,{"v":6043.52,"d":"$6,043.52"},{"v":6043.52,"d":"$6,043.52"}]
[null,"660-4-12","VEHICLE DETECTION SYSTEM- VIDEO, F&I ABOVE GROUND EQUIPMENT","EA",4,{"v":4376.06,"d":"$4,376.06"},{"v":17504.24,"d":"$17,504.24"}]
[null,"670-5-111","TRAFFIC CONTROLLER ASSEMBLY, F&I","AS",1,{"v":27736.95,"d":"$27,736.95"},{"v":27736.95,"d":"$27,736.95"}]
[null,"684-1-1","MANAGED FIELD EITHERNET SWITCH, FURNISH & INSTALL","EA",1,{"v":2840.62,"d":"$2,840.62"},{"v":2840.62,"d":"$2,840.62"}]
[null,"700-5-22","INTERNALLY ILLUMINATED SIGN, F&I, OVERHEAD MOUNT, 12-18 SF","EA",4,{"v":3362.16,"d":"$3,362.16"},{"v":13448.64,"d":"$13,448.64"}]
[null,"715-5-31","LUMINAIRE & BRACKET ARM, F&I, ALUMINUM","EA",4,{"v":1545.54,"d":"$1,545.54"},{"v":6182.16,"d":"$6,182.16"}]
[null,"999-1","RECORD DRAWINGS/AS-BUILTS","LS",1,{"v":40000,"d":"$40,000.00"},{"v":40000,"d":"$40,000.00"}]
[null,null,"SUB-TOTAL OF SIGNALIZATION IMPROVEMENTS",{"$nulls":3},{"v":190055.80000000002,"d":"$190,055.80"}]
[null,null,"WATER MAIN RELOCATION"]
[null,"101-1A","MOBILIZATION (W&S)","LS",1,{"v":28000,"d":"$28,000.00"},{"v":28000,"d":"$28,000.00"}]
[null,"102-1A","MAINTENANCE OF TRAFFIC (W&S)","LS",1,{"v":38000,"d":"$38,000.00"},{"v":38000,"d":"$38,000.00"}]
[null,"104-1A","ARTIFICIAL COVERINGS/ROLLED EROSION CONTROL PRODUCTS (W&S)","LS",1,{"v":4000,"d":"$4,000.00"},{"v":4000,"d":"$4,000.00"}]
[null,"110-1-1A","ROAD CLEARING AND GRUBBING (W&S)","LS",1,{"v":20000,"d":"$20,000.00"},{"v":20000,"d":"$20,000.00"}]
[null,"120-1B","EXCAVATION AND EMBANKMENT (W&S)","LS",1,{"v":6500,"d":"$6,500.00"},{"v":6500,"d":"$6,500.00"}]
[null,"285-706","OPTIONAL BASE COURSE 8\" LIMEROCK (LBR = 100) (W&S)","SY",640,{"v":14,"d":"$14.00"},{"v":8960,"d":"$8,960.00"}]
[null,"334-1-13D","SUPERPAVE ASPHALT CONCRETE, 2\" SP 12.5 (W&S)","SY",580,{"v":14,"d":"$14.00"},{"v":8120,"d":"$8,120.00"}]
[null,"570-1-2A","SOD AND SITE RESTORATION (W&S)","SY",900,{"v":3,"d":"$3.00"},{"v":2700,"d":"$2,700.00"}]
[null,"630-2-11B","2\" HDPE HDD FO CONDUIT  (W&S)","LF",560,{"v":4.86,"d":"$4.86"},{"v":2721.6000000000004,"d":"$2,721.60"}]
[null,"1050-11-425A","FURNISH AND INSTALL 20\" DIP WATER MAIN","LF",40,{"v":75,"d":"$75.00"},{"v":3000,"d":"$3,000.00"}]
[null,"1050-42-224A","FURNISH AND INSTALL 24\" HDPE HDD","LF",560,{"v":192,"d":"$192.00"},{"v":107520,"d":"$107,520.00"}]
[null,"1055-11-4A","FURNISH AND INSTALL FITTINGS AND APPURTENANCES","TN",5,{"v":8500,"d":"$8,500.00"},{"v":42500,"d":"$42,500.00"}]
[null,"1080-11-404A","FURNISH, INSTALL AND REMOVE 12\" BYPASS ASSEMBLY","LS",1,{"v":6000,"d":"$6,000.00"},{"v":6000,"d":"$6,000.00"}]
[null,"1080-11-506A","FURNISH AND INSTALL AIR RELEASE VALVE AND VAULT","EA",1,{"v":5000,"d":"$5,000.00"},{"v":5000,"d":"$5,000.00"}]
[null,"1080-11-512A","SAMPLE POINTS","EA",2,{"v":250,"d":"$250.00"},{"v":500,"d":"$500.00"}]
[null,"1080-11-512B","PIGGING AND FLUSHING","LS",1,{"v":1500,"d":"$1,500.00"},{"v":1500,"d":"$1,500.00"}]
[null,"1080-11-512C","DISINFECTING AND TESTING","LS",1,{"v":3000,"d":"$3,000.00"},{"v":3000,"d":"$3,000.00"}]
[null,"1080-23-120A","FURNISH AND INSTALL 20\" X 12\" WET TAP ASSEMBLY","EA",2,{"v":12000,"d":"$12,000.00"},{"v":24000,"d":"$24,000.00"}]
[null,"1080-24-112A","FURNISH AND INSTALL 12\" GATE VALVE","EA",2,{"v":2500,"d":"$2,500.00"},{"v":5000,"d":"$5,000.00"}]
[null,"1080-24-120A","FURNISH AND INSTALL 20\" GATE VALVE","EA",2,{"v":4500,"d":"$4,500.00"},{"v":9000,"d":"$9,000.00"}]
[null,"1080-27-120A","FURNISH AND INSTALL 20\" LINE STOP","EA",2,{"v":26000,"d":"$26,000.00"},{"v":52000,"d":"$52,000.00"}]
[null,"999-2","UTILITIES RECORD DRAWINGS/AS-BUILTS","LS",1,{"v":10000,"d":"$10,000.00"},{"v":10000,"d":"$10,000.00"}]
[null,null,"SUB-TOTAL OF WATER MAIN RELOCATION",{"$nulls":3},{"v":388021.6,"d":"$388,021.60"}]
[null,null,"FORCE ACCOUNT",{"$nulls":3},{"v":58203.24,"d":"$58,203.24"},{"v":0.15,"d":"15%"}]
[null,null,"SUB-TOTAL OF ROADWAY AND SIGNALIZATION IMPROVEMENTS",{"$nulls":3},{"v":6872995.2595,"d":"$6,872,995.26"}]
[null,null,"FORCE ACCOUNT",{"$nulls":3},{"v":687299.52595,"d":"$687,299.53"},{"v":0.1,"d":"10%"}]
[null,null,"TOTAL PROJECT BID (INCLUDING FORCE ACCOUNT)",null,null," TOTAL"]
[null,null,"58TH AVENUE (FROM NORTH OF 57TH STREET TO 85TH STREET) FULL DEPTH RECLAMATION",{"$nulls":3},{"v":8006519.625449999,"d":"$8,006,519.63"}]
[null,"LS=Lump Sum    EA=Each    CY=Cubic Yard     SY=Square Yard    GAL=Gallon     TN=Ton      LF=Linear Feet"]
[null,"SF=Square Foot    AS=Assembly    GM=Gross Mile    PI=Per Installation"]
[null,"NOTE:  IF THERE IS A DISCREPANCY BETWEEN THE PLANS (SUMMARY OF PAY ITEMS) AND THE ITEMIZED BID SCHEDULE, THE BID SCHEDULE WILL BE UTILIZED FOR BIDDING PURPOSES."]
[]
[]
[null,"TOTAL PROJECT BID AMOUNT IN WORDS_______________________________________________________"]
[null,"  __________________________________________________________________________________________________________"]
[null,"___________________________________________________________________________________________________________________________"]

{"sheet":"Engineers Estimate OLD","index":2,"n_rows":130,"n_cols":7,"rows_kept":130,"merged":[[1,1,1,6],[3,1,3,6],[4,1,4,6],[5,1,5,6],[6,1,6,6],[95,2,95,5],[119,2,119,5],[121,5,122,5],[126,1,126,6],[127,1,127,6],[128,1,128,6],[129,1,129,6]],"flags":["formulas_cached_only"]}
[]
[null,"ITEMIZED BID SCHEDULE"]
[]
[null,"PROJECT NAME: 58TH AVENUE (FROM NORTH OF 57TH STREET TO 85TH STREET)  "]
[null,"FULL DEPTH RECLAMATION"]
[null,"PROJECT NO: IRC-1325          BID NO. 2018023                 FM NO: 436416-1-54-01"]
[null,"BIDDER'S NAME:_________________________________________________________________"]
[]
[null,"Item No.","Description","Unit","Quantity","Unit Price","Amount"]
[null,"101-1","MOBILIZATION","LS",1,{"v":350000,"d":"350,000.00"},{"v":350000,"d":"350,000.00"}]
[null,"102-1","MAINTENANCE OF TRAFFIC","LS",1,{"v":302000,"d":"302,000.00"},{"v":302000,"d":"302,000.00"}]
[null,"104-1","ARTIFICAL COVERINGS/ROLLED EROSION CONTROL PRODUCTS","LS",1,{"v":75000,"d":"75,000.00"},{"v":75000,"d":"75,000.00"}]
[null,"110-1-1","CLEARING & GRUBBING","LS",1,{"v":120000,"d":"120,000.00"},{"v":120000,"d":"120,000.00"}]
[null,"110-7-1","MAILBOX RELOCATION","EA",38,{"v":150,"d":"150.00"},{"v":5700,"d":"5,700.00"}]
[null,"120-1","REGULAR EXCAVATION","CY",{"v":2383,"d":"2,383"},{"v":10,"d":"10.00"},{"v":23830,"d":"23,830.00"}]
[null,"120-2","BORROW EXCAVATION (RECLAIMED FDR)","CY",{"v":3650,"d":"3,650"},{"v":15,"d":"15.00"},{"v":54750,"d":"54,750.00"}]
[null,"120-6","EMBANKMENT","CY",{"v":1947,"d":"1,947"},{"v":8,"d":"8.00"},{"v":15576,"d":"15,576.00"}]
[null,"121-70","FLOWABLE FILL (NON-EXCAVATABLE)","CY",152,130,{"v":19760,"d":"19,760.00"}]
[null,"160-4","TYPE B STABILIZATION 3' SHOULDER (LBR40) 12\"","SY",{"v":6600,"d":"6,600"},{"v":4,"d":"4.00"},{"v":26400,"d":"26,400.00"}]
[null,"285-709","OPTIONAL BASE, GROUP 9 (LBR 100) (10\" LIMEROCK)","SY",{"v":1700,"d":"1,700"},{"v":17,"d":"17.00"},{"v":28900,"d":"28,900.00"}]
[null,"327-70-1","MILL EXISTING ASPHALT (1\" AVERAGE DEPTH)","SY",{"v":3700,"d":"3,700"},{"v":2.5,"d":"2.50"},{"v":9250,"d":"9,250.00"}]
[null,"332-1","RECLAIMED ASPHALT BASE COURSE (FULL DEPTH RECLAMATION) 12\"","SY",{"v":9200,"d":"9,200"},{"v":11,"d":"11.00"},{"v":101200,"d":"101,200.00"}]
[null,"332-2","ASPHALT EMULSION TYPE CSS-1h - PAYMENT WILL BE BASED ON ACTUAL QUANTITY","GAL",{"v":227435,"d":"227,435"},2.75,{"v":625446.25,"d":"625,446.25"}]
[null,"332-3","CEMENT TYPE 1 OR TYPE 2 - PAYMENT WILL BE BASED ON ACTUAL QUANTITY","TN",955,{"v":180,"d":"180.00"},{"v":171900,"d":"171,900.00"}]
[null,"334-1-13","TYPE SP - 12.5 ASPHALTIC CONCRETE (2\" THICK) PG 76-22 PMA","SY",{"v":49000,"d":"49,000"},{"v":14,"d":"14.00"},{"v":686000,"d":"686,000.00"}]
[null,"334-1-13A","TYPE SP - 12.5, ASPHALTIC CONCRETE CONFORM (VARIABLE THICKNESS) PG 76-22 PMA","TN",400,{"v":120,"d":"120.00"},{"v":48000,"d":"48,000.00"}]
[null,"334-1-13B","TYPE SP - 12.5, ASPHALTIC CONCRETE DRIVEWAY,  (1-1/2\") REMOVE AND REPLACE  PG 76-22 PMA","SY",450,{"v":11,"d":"11.00"},{"v":4950,"d":"4,950.00"}]
[null,"337-7-82","TYPE F.C. - 9.5 ASPHALTIC CONCRETE (1\" THICK)","SY",{"v":49000,"d":"49,000"},{"v":7,"d":"7.00"},{"v":343000,"d":"343,000.00"}]
[null,"425-2- 14","MANHOLE ALT A, 4’, P-7 <10’","EA",2,{"v":4000,"d":"4,000.00"},{"v":8000,"d":"8,000.00"}]
[null,"425-3-81A","JUNCTION STRUCTURE, TYPE E,<10'","EA",1,{"v":10000,"d":"10,000.00"},{"v":10000,"d":"10,000.00"}]
[null,"425-5","MANHOLE ADJUSTMENT","EA",9,{"v":1200,"d":"1,200.00"},{"v":10800,"d":"10,800.00"}]
[null,"425-5A","VAULT ADJUSTMENT","EA",4,{"v":2000,"d":"2,000.00"},{"v":8000,"d":"8,000.00"}]
[null,"425-6","VALVE BOX ADJUSTMENT","EA",88,{"v":600,"d":"600.00"},{"v":52800,"d":"52,800.00"}]
[null,"425-6A","FIRE HYDRANT ADJUSTMENT","EA",5,{"v":750,"d":"750.00"},{"v":3750,"d":"3,750.00"}]
[null,"425-6B","FIRE HYDRANT RELOCATION","EA",6,{"v":2000,"d":"2,000.00"},{"v":12000,"d":"12,000.00"}]
[null,"425-15-21","DITCH BOTTOM INLET, TYPE C,<10","EA",4,{"v":7500,"d":"7,500.00"},{"v":30000,"d":"30,000.00"}]
[null,"430 -175 -112","PIPE CULVERT, RCP.ROUND,12\",S/CD","LF",55,{"v":80,"d":"80.00"},{"v":4400,"d":"4,400.00"}]
[null,"430 -175 -112A","PIPE CULVERT, CMP,ROUND,12\",S/CD","LF",20,{"v":60,"d":"60.00"},{"v":1200,"d":"1,200.00"}]
[null,"430 -175 -115A","PIPE CULVERT, CMP,ROUND,15\",S/CD","LF",25,{"v":75,"d":"75.00"},{"v":1875,"d":"1,875.00"}]
[null,"430-175-118","PIPE CULVERT, RCP, ELLIPTICAL, 18\"X12\",S/CD","LF",76,{"v":85,"d":"85.00"},{"v":6460,"d":"6,460.00"}]
[null,"430 -175 -124A","PIPE CULVERT, CMP,ROUND,24\",S/CD","LF",10,90,{"v":900,"d":"900.00"}]
[null,"430 -175 -124","PIPE CULVERT, RCP,ROUND,24\",S/CD","LF",295,{"v":175,"d":"175.00"},{"v":51625,"d":"51,625.00"}]
[null,"430-175-148","PIPE CULVERT, RCP, ROUND, 48” S/CD","LF",145,500,{"v":72500,"d":"72,500.00"}]
[null,"430-982-121","MITERED END SECTION,RCP,ROUND,12\"","EA",2,{"v":900,"d":"900.00"},{"v":1800,"d":"1,800.00"}]
[null,"430-982-123","MITERED END SECTION,RCP,ROUND,15\"","EA",1,{"v":1000,"d":"1,000.00"},{"v":1000,"d":"1,000.00"}]
[null,"430-982-129","MITERED END SECTION,RCP,ROUND,24\"","EA",2,{"v":1500,"d":"1,500.00"},{"v":3000,"d":"3,000.00"}]
[null,"430-982-129A","MITERED END SECTION, CMP, ROUND, 24\"","EA",2,{"v":1500,"d":"1,500.00"},{"v":3000,"d":"3,000.00"}]
[null,"430-982-625","MITERED END SECTION, RCP,ELLIPTICAL,18\"X12\"","EA",4,{"v":1600,"d":"1,600.00"},{"v":6400,"d":"6,400.00"}]
[null,"520-1-10","CONCRETE CURB & GUTTER, TYPE F","LF",350,{"v":18,"d":"18.00"},{"v":6300,"d":"6,300.00"}]
[null,"522-2","CONCRETE, 6\" THICK, FIBER REINFORCED SIDEWALK","SY",170,{"v":50,"d":"50.00"},{"v":8500,"d":"8,500.00"}]
[null,"527-2","DETECTABLE WARNING STRIPS","SF",500,{"v":35,"d":"35.00"},{"v":17500,"d":"17,500.00"}]
[null,"530-3-3A","RIP RAP, RUBBLE, BANK AND SHORE","CY",600,{"v":220,"d":"220.00"},{"v":132000,"d":"132,000.00"}]
[null,"536-1-1A","GUARDRAIL, LONG STEEL POSTS WITH A.C.","LF",{"v":1590,"d":"1,590"},{"v":20,"d":"20.00"},{"v":31800,"d":"31,800.00"}]
[null,"536-85-24","GUARDRAIL END ANCHORAGE ASSEMBLY          PARALLEL","EA",8,{"v":2600,"d":"2,600.00"},{"v":20800,"d":"20,800.00"}]
[null,"550-10-231","FENCE, TYPE B WITH BARBED WIRE","LF",{"v":1015,"d":"1,015"},{"v":25,"d":"25.00"},{"v":25375,"d":"25,375.00"}]
[null,"550-60-223","FENCE GATE, TYPE B WITH BARBED WIRE, 12.1’-18.0’","EA",1,{"v":1500,"d":"1,500.00"},{"v":1500,"d":"1,500.00"}]
[null,"570-1-2","PERFORMANCE TURF – SOD (BAHIA, MATCH EXIST)","SY",{"v":37600,"d":"37,600"},2.75,{"v":103400,"d":"103,400.00"}]
[null,"630-2-11","CONDUIT, F&I, OPEN TRENCH","LF",8,8.15,{"v":65.2,"d":"65.20"}]
[null,"630-2-11A","CONDUIT, F&I, OPEN TRENCH","LF",{"v":31000,"d":"31,000"},{"v":10,"d":"10.00"},{"v":310000,"d":"310,000.00"}]
[null,"630-2-12A","CONDUIT, F&I, DIRECTIONAL BORE","LF",{"v":7000,"d":"7,000"},{"v":17.5,"d":"17.50"},{"v":122500,"d":"122,500.00"}]
[null,"630-2-14","CONDUIT, F&I, ABOVEGROUND","LF",25,{"v":25.2,"d":"25.20"},{"v":630,"d":"630.00"}]
[null,"632-7-1","SIGNAL CABLE - NEW OR RECONSTRUCTED INTERSECTION, FURNISH & INSTALL","PI",1,{"v":5563.34,"d":"5,563.34"},{"v":5563.34,"d":"5,563.34"}]
[null,"634-4-153","SPAN WIRE ASSEMBLY, F&I, TWO POINT, BOX","PI",1,{"v":6531.02,"d":"6,531.02"},{"v":6531.02,"d":"6,531.02"}]
[null,"635-2-11","PULL & SPLICE BOX, F&I, 13'X24' COVER SIZE","EA",4,621.13,{"v":2484.52,"d":"2,484.52"}]
[null,"635-2-12A","PULL BOX, F&I","EA",27,{"v":1170,"d":"1,170.00"},{"v":31590,"d":"31,590.00"}]
[null,"639-1-122","ELECTRICAL POWER SERVICE, F&I, UG, METER PURCHASED BY CONTRACTOR","AS",1,{"v":2601,"d":"2,601.00"},{"v":2601,"d":"2,601.00"}]
[null,"639-2-1","ELECTRICAL SERVICE WIRE, FURNISH & INSTALL","LF",100,{"v":6,"d":"6.00"},{"v":600,"d":"600.00"}]
[null,"641-2-18","PRESTRESSED CONCRETE POLE, F&I, TYPE P-VIII","EA",4,{"v":12841.61,"d":"12,841.61"},{"v":51366.44,"d":"51,366.44"}]
[null,"641-2-80","PRESTRESSED CONCRETE POLE, COMPLETE REMOVAL","EA",2,{"v":1800,"d":"1,800.00"},{"v":3600,"d":"3,600.00"}]
[null,"650-1-24","TRAFFIC SIGNAL, FURNISH & INSTALL POLYCARBONATE W/ALUM TOP, 3 SECTION, 1 WAY","AS",4,{"v":1178.8,"d":"1,178.80"},{"v":4715.2,"d":"4,715.20"}]
[null,"650-1-29","TRAFFIC SIGNAL, FURNISH & INSTALL POLYCARBONATE W ALUMIN, 5 SECTION CLUSTER, 1 WAY","AS",4,{"v":1966.92,"d":"1,966.92"},{"v":7867.68,"d":"7,867.68"}]
[null,"660-4-11","VEHICLE DETECTION SYSTEM- VIDEO, F&I CABINET EQUIPMENT","EA",1,{"v":6145.5,"d":"6,145.50"},{"v":6145.5,"d":"6,145.50"}]
[null,"660-4-12","VEHICLE DETECTION SYSTEM- VIDEO, F&I ABOVE GROUND EQUIPMENT","EA",4,{"v":7318.15,"d":"7,318.15"},{"v":29272.6,"d":"29,272.60"}]
[null,"670-5-111","TRAFFIC CONTROLLER ASSEMBLY, F&I","AS",1,{"v":33337.67,"d":"33,337.67"},{"v":33337.67,"d":"33,337.67"}]
[null,"700-1-11","SINGLE POST SIGN, F&I GROUND MOUNT, UP TO 12 SF","AS",2,456.26,912.52]
[null,"700-1-50","SINGLE POST SIGN, RELOCATE","AS",29,725.34,{"v":21034.86,"d":"21,034.86"}]
[null,"700-1-60","SINGLE POST SIGN, REMOVE","AS",2,139.78,279.56]
[null,"700-3-601","SIGN PANEL, REMOVE, UP TO 12 SF","EA",2,37.44,74.88]
[null,"700-5-22","INTERNALLY ILLUMINATED SIGN, F&I, OVERHEAD MOUNT, 12-18 SF","EA",4,{"v":3060,"d":"3,060.00"},{"v":12240,"d":"12,240.00"}]
[null,"706-3","RETRO-REFLECTIVE PAVEMENT MARKERS","EA",{"v":1449,"d":"1,449"},{"v":4.5,"d":"4.50"},{"v":6520.5,"d":"6,520.50"}]
[null,"711-11-123","THERMOPLASTIC, STANDARD, WHITE, SOLID, 12\" FOR CROSSWALK AND ROUNDABOUT","LF",{"v":1044,"d":"1,044"},1.79,{"v":1868.76,"d":"1,868.76"}]
[null,"711-11-125","THERMOPLASTIC, STANDARD, WHITE, SOLID, 24\" FOR STOP LINE AND CROSSWALK","LF",381,4.18,{"v":1592.58,"d":"1,592.58"}]
[null,"711-11-141","THERMOPLASTIC, STANDARD, WHITE, 2'-4' DOTTED GUIDELINE/ 6'-10' GAP EXTENSION, 6\"","GM",0.04,{"v":1695.8,"d":"1,695.80"},{"v":67.832,"d":"67.83"}]
[null,"711-11-160","THERMOPLASTIC, STANDARD, WHITE, MESSAGE SCHOOL","EA",1,{"v":185.6,"d":"185.60"},{"v":185.6,"d":"185.60"}]
[null,"711-11-170","THERMOPLASTIC, STANDARD, WHITE, ARROW","EA",43,79.99,{"v":3439.5699999999997,"d":"3,439.57"}]
[null,"711-11-224","THERMOPLASTIC, STANDARD, YELLOW, SOLID, 18\" FOR DIAGONAL OR CHEVRON","LF",954,3.53,{"v":3367.62,"d":"3,367.62"}]
[null,"711-14-125","THERMOPLASTIC, PREFORMED, WHITE, SOLID, 24\" FOR CROSSWALK","LF",531,{"v":4.8,"d":"4.80"},{"v":2548.7999999999997,"d":"2,548.80"}]
[null,"711-14-160","THERMOPLASTIC, PREFORMED, WHITE, MESSAGE","EA",33,307.04,{"v":10132.320000000002,"d":"10,132.32"}]
[null,"711-14-170","THERMOPLASTIC, PREFORMED, WHITE, ARROW (BIKE THRU)","EA",33,330.78,{"v":10915.74,"d":"10,915.74"}]
[null,"711-16-101","THERMOPLASTIC, STANDARD-OTHER SURFACES, WHITE, SOLID, 6\"","GM",{"v":8.5,"d":"8.50"},{"v":6030.79,"d":"6,030.79"},{"v":51261.715,"d":"51,261.72"}]
[null,"711-16-201","THERMOPLASTIC, STANDARD-OTHER SURFACES, YELLOW, SOLID, 6\"","GM",7.55,{"v":6028.1,"d":"6,028.10"},{"v":45512.155,"d":"45,512.16"}]
[null,"711-16-231","THERMOPLASTIC, STANDARD-OTHER SURFACES, YELLOW, SKIP, 6\"","GM",1.04,{"v":1650,"d":"1,650.00"},{"v":1716,"d":"1,716.00"}]
[null,"715-5-11","LUMINAIRE & BRACKET ARM, F&I, ALUMINUM","EA",4,{"v":3259.3,"d":"3,259.30"},{"v":13037.2,"d":"13,037.20"}]
[null,"999-1","RECORD DRAWINGS/AS-BUILTS","LS",1,{"v":40000,"d":"40,000.00"},{"v":40000,"d":"40,000.00"}]
[{"$nulls":6},{"v":4493925.632,"d":"4,493,925.63"}]
[null,null,"TOTAL OF ROADWAY IMPROVEMENTS"]
[null,"1","MOBILIZATION ","LS",1,{"v":28000,"d":"28,000.00"},{"v":28000,"d":"28,000.00"}]
[null,"2","MAINTENANCE OF TRAFFIC","LS",1,{"v":38000,"d":"38,000.00"},{"v":38000,"d":"38,000.00"}]
[null,"3","FDEP NOTICE OF INTENT","LS",1,{"v":1500,"d":"1,500.00"},{"v":1500,"d":"1,500.00"}]
[null,"4","EROSION CONTROL","LS",1,{"v":2500,"d":"2,500.00"},{"v":2500,"d":"2,500.00"}]
[null,"5","DEMOLITION/SITE PREPARATION","LS",1,{"v":15000,"d":"15,000.00"},{"v":15000,"d":"15,000.00"}]
[null,"6","FURNISH AND INSTALL 20\" LINE STOP","EA",2,{"v":26000,"d":"26,000.00"},{"v":52000,"d":"52,000.00"}]
[null,"7","FURNISH AND INSTALL 24\" HDPE HDD","LF",560,{"v":160,"d":"160.00"},{"v":89600,"d":"89,600.00"}]
[null,"8","FURNISH, INSTALL AND REMOVE 12\" BYPASS ASSEMBLY","LS",1,{"v":6000,"d":"6,000.00"},{"v":6000,"d":"6,000.00"}]
[null,"9","FURNISH AND INSTALL 20\" DIP WATER MAIN","LF",20,{"v":75,"d":"75.00"},{"v":1500,"d":"1,500.00"}]
[null,"10","FURNISH AND INSTALL 20\" X 12\" WET TAP ASSEMBLY","EA",2,{"v":12000,"d":"12,000.00"},{"v":24000,"d":"24,000.00"}]
[null,"11","FURNISH AND INSTALL 20\" GATE VALVE","EA",2,{"v":4500,"d":"4,500.00"},{"v":9000,"d":"9,000.00"}]
[null,"12","FURNISH AND INSTALL 12\" GATE VALVE","EA",2,{"v":2500,"d":"2,500.00"},{"v":5000,"d":"5,000.00"}]
[null,"13","FURNISH AND INSTALL FITTINGS AND APPURTENANCES","TON",{"v":5,"d":"5.0"},{"v":8500,"d":"8,500.00"},{"v":42500,"d":"42,500.00"}]
[null,"14","FURNISH AND INSTALL AIR RELEASE VALVE AND VAULT","EA",1,{"v":5000,"d":"5,000.00"},{"v":5000,"d":"5,000.00"}]
[null,"15","DISINFECTION AND TESTING","LS",1,{"v":3000,"d":"3,000.00"},{"v":3000,"d":"3,000.00"}]
[null,"16","SAMPLE POINTS","EA",2,{"v":250,"d":"250.00"},{"v":500,"d":"500.00"}]
[null,"17","PIGGING AND FLUSHING","LS",1,{"v":1500,"d":"1,500.00"},{"v":1500,"d":"1,500.00"}]
[null,"18","ROAD CLEARING AND GRUBBING","LS",1,{"v":5000,"d":"5,000.00"},{"v":5000,"d":"5,000.00"}]
[null,"19","EXCAVATION AND EMBANKMENT","LS",1,{"v":6500,"d":"6,500.00"},{"v":6500,"d":"6,500.00"}]
[null,"20","OPTIONAL BASE COURSE 8\" LIMEROCK (LBR = 100)","SY",580,{"v":14,"d":"14.00"},{"v":8120,"d":"8,120.00"}]
[null,"21","SUPERPAVE ASPHALT CONCRETE, 2\" SP 12.5","SY",580,{"v":14,"d":"14.00"},{"v":8120,"d":"8,120.00"}]
[null,"22","SOD AND SITE RESTORATION","SY",900,{"v":3,"d":"3.00"},{"v":2700,"d":"2,700.00"}]
[null,"999-2","UTILITIES RECORD DRAWINGS/AS-BUILTS","LS",1,{"v":10000,"d":"10,000.00"},{"v":10000,"d":"10,000.00"}]
[null,null,"TOTAL OF WATER MAIN RELOCATION",{"$nulls":3},{"v":365040,"d":"365,040.00"}]
[null,null,"FORCE ACCOUNT",{"$nulls":3},{"v":203000,"d":"$203,000.00"}]
[null,null,"TOTAL PROJECT BID (INCLUDING FORCE ACCOUNT)",null,null," TOTAL"]
[null,null,"58TH AVENUE (FROM NORTH OF 57TH STREET TO 85TH STREET) FULL DEPTH RECLAMATION",{"$nulls":3},{"v":5061965.632,"d":"5,061,965.63"}]
[null,"TOTAL PROJECT BID AMOUNT IN WORDS_______________________________________________________"]
[null,"  _____________________________________________________________________________________________________________"]
[]
[null,"NOTE: IF THERE IS A DISCREPANCY BETWEEN THE PLANS (SUMMARY OF PAY ITEMS)"]
[null,"AND THE ITEMIZED BID SCHEDULE, THE BID DOCUMENTS WILL GOVERN."]
[null,"LS=Lump Sum    CY=Cubic Yard     SY=Square Yard     TN=Ton      LF=Linear Feet"]
[null,"PI=Per Installation     EA=Each     AS=Assembly     GM=Gross Mile     GAL = Gallon"]